00572nam a2200193Ia 450000500170000000800410001704000190005804100120007708200190008910000190010824500570012726000480018430000140023250400320024663000430027865000280032165100190034985000100036820230109152903.0131103s9999 xx 000 0 und d aLoreto College aEnglish a821.4bDRY-DOR aDoren,Mark Van aJohn Drydenb A study of his poetry cMark Van Doren aBloomingtonbIndiana University Pressc1963 ax,299 p.  aIncludes appendix and index a17th century poet - Dryden - Criticism aDryden,John,1631 - 1700 aEnglish Poetry aLCLIB